Atlas hnízdního rozšíření ptáků Prahy : 1985-1989 (aktualizace 2000-2002) /

Korporativní autor: Česká společnost ornitologická
Další autoři: Fuchs, Roman, 1959-, Hošek, Jan, 1961-
Jazyk: Čeština
Vydáno: Praha : Consult, 2002
Témata:
Fyzický popis: 319 s. : barev. il. a mapy ; 24 cm + 1 ortofotomapa + 1 CD
Knihy
Uloženo v:
LEADER 01538nam a2200421 a 4500
001 000774416
003 CZ BrMZK
005 20050701064836.0
007 ta
008 050513s2002 xr abfmfr 001 0 cze c
015 |a cnb001283041 
020 |a 80-902132-5-1  |q (Consult :  |q váz.) 
035 |a (OCoLC)53860934 
040 |a ABA001  |b cze  |d BOA001 
043 |a e-xr---  |b e-xr-pg  |2 czenas 
072 7 |a 59  |x Zoologie  |2 Konspekt  |9 2 
080 |a 598.2  |2 MRF 
080 |a 591.521  |2 MRF 
080 |a 591.9  |2 MRF 
080 |a (437.311)  |2 MRF 
080 |a (084.42)  |2 MRF 
245 0 0 |a Atlas hnízdního rozšíření ptáků Prahy :  |b 1985-1989 (aktualizace 2000-2002) /  |c Roman Fuchs ... [et al.] ; ilustroval Jan Hošek 
260 |a Praha :  |b Consult,  |c 2002 
300 |a 319 s. :  |b barev. il. a mapy ;  |c 24 cm +  |e 1 ortofotomapa + 1 CD 
504 |a Obsahuje bibliografii a rejstřík 
550 |a Vydavatel: Česká společnost ornitologická 
650 0 7 |a ptáci  |7 ph115956  |z Česko  |2 czenas 
650 0 7 |a hnízdiště  |7 ph153564  |z Česko  |2 czenas 
650 0 7 |a fauna  |7 ph114529  |z Česko  |2 czenas 
655 7 |a atlasy  |7 fd131835  |2 czenas 
651 7 |a Praha (Česko)  |7 ge118011  |2 czenas 
700 1 |a Fuchs, Roman,  |d 1959-  |7 mzk2005282468  |4 aut 
700 1 |a Hošek, Jan,  |d 1961-  |7 jn20001005360  |4 ill 
710 2 |a Česká společnost ornitologická  |7 ko2002104097 
910 |a BOA001  |b 2-1152.344 
990 |a BK 
991 |b 200506  |c NOV 
996 6 |b 2610251428  |c 2-1152.344  |l MZK  |r Sklad / do 1 hodiny  |n 2  |p p.v.  |w 000774416  |u 000010  |a 1  |e BOA001  |j MZK50  |s P